Ethical leadership : moral decision-making under pressure / Aidan McQuade. (Record no. 22468)

000 -LEADER
fixed length control field 00644nam a2200169 4500
020 ## - INTERNATIONAL STANDARD BOOK NUMBER
ISBN 9783110745849
022 ## - INTERNATIONAL STANDARD SERIAL NUMBER
ISSN 27014002
082 ## - DEWEY DECIMAL CLASSIFICATION NUMBER
Classification number 174.4
Item number M478 2022
100 ## - MAIN ENTRY--AUTHOR NAME
Personal name McQuade, Aidan, author.
245 ## - TITLE STATEMENT
Title Ethical leadership : moral decision-making under pressure / Aidan McQuade.
260 ## - PUBLICATION, DISTRIBUTION, ETC. (IMPRINT)
Place of publication Berlin, Boston :
Name of publisher De Gruyter,
Year of publication 2022.
300 ## - PHYSICAL DESCRIPTION
Number of Pages 1 online resource, xiv, 159 pages.
Other physical details color illustration
490 ## - SERIES STATEMENT
Series statement De Gruyter transformative thinking and practice of leadership and its development
500 ## - GENERAL NOTE
General note Includes bibliographical references and index.
650 ## - SUBJECT ADDED ENTRY--TOPICAL TERM
Topical Term Leadership
-- Moral
-- Ethical aspects.
942 ## - ADDED ENTRY ELEMENTS (KOHA)
Koha item type Electronic Books
Holdings
Source of acquisition Permanent Location Date acquired Collection code Koha item type Lost status Shelving location Withdrawn status Current Location Full call number
DonationCagayan State University - Carig Library2026-04-15Arts & RecreationElectronic Books E-Resource Section Cagayan State University - Carig Library174.4 M378334 2022

Cagayan State University University Library, Carig Campus
Tuguegarao City, Cagayan 3500 | www.csucarig.edu.ph

Powered by Koha